Colección de bulas, breves y otros documentos relativos a la Iglesia de América y Filipinas

Guardat en:
Dades bibliogràfiques
Autor principal: Hernáez, Francisco Javier (Autor)
Format: Llibre
Idioma:espanyol
Publicat: Bruselas Alfredo Vromant 1879
Matèries:
Etiquetes: Afegir etiqueta
Sense etiquetes, Sigues el primer a etiquetar aquest registre!

MARC

LEADER 00000nam a2200000 a 4500
001 UCL3034
003 CL-VaPUC
008 031114e18790000BE |||||||||||||||||spa|d
082 0 4 |a 262.91  |b HER  |2 21 
100 0 |a Hernáez, Francisco Javier  |e author  |9 480257 
245 1 0 |a Colección de bulas, breves y otros documentos relativos a la Iglesia de América y Filipinas 
300 |a v 
942 |c BK 
945 |d 20031114 00:00:00  |a vberengu 
260 |a Bruselas  |b Alfredo Vromant  |c 1879 
650 0 |a Documentos pontificios   |9 255642 
650 7 |a BULAS  |2 CL-VaPUC  |9 394141 
583 |a last modification  |c 20031114 00:00:00  |k Rodrigo Vera 
999 |c 306170  |d 306168 
952 |0 0  |1 0  |4 0  |6 262_910000000000000_HER_1879  |7 0  |8 X  |9 370958  |a BIBTEO  |b BIBTEO  |d 2019-11-21  |h v.2  |i 2091976  |o 262.91 HER 1879  |p 2091976  |r 2025-01-17  |w 2019-11-21  |y BK_X  |k ICR 
952 |0 0  |1 0  |4 0  |6 262_910000000000000_HER_1879  |7 0  |8 X  |9 370959  |a BIBTEO  |b BIBTEO  |d 2019-11-21  |h v.1  |i 2102374  |o 262.91 HER 1879  |p 2102374  |r 2025-01-17  |w 2019-11-21  |y BK_X  |k ICR